000
00334nam a2200121Ia 4500
008
170224s9999 xx 000 0 und d
245
_a
NewsCAP: Nurse appointed to the National Cancer Moonshot Initiative panel.
260
_b
American Journal of Nursing
260
_c
2016
300
_a
116:7
500
_a
July
650
_x
Nursing.
999
_c
316946
_d
316946